00255nam a22000977a 4500082002800000100002000028245004000048260001100088300002100099526003700120 a628.742bSADcL-23, P-2 aSadarangani V.H aA Text Book of Sanitary Engineering aMadras a174 pbillc15cm a0b0c0d628_742000000000000_SAD